000 00352nam a2200145Ia 4500
005 20251222175919.0
008 251222s9999||||xx |||||||||||||| ||spa||
020 _a9788498794366
082 _a340.2/A87
100 _aAtienza, Manuel
245 0 _aCurso de Argumentación Jurídica
250 _a4ta.ed.
264 _bEditorial Trotta
942 _cLIB
999 _c40613
_d40613